Présidents de la République d'Italie - Statistiques

Statistiques générales
  • Ce quiz a été pris 20 fois
  • Le résultat moyen est 7 sur 12
Statistiques - réponses
Mandat Président % Correct
2015-... Sergio Mattarella
100%
2006-2015 Giorgio Napolitano
80%
1948 Enrico De Nicola
60%
1971-1978 Giovanni Leone
60%
1948-1955 Luigi Einaudi
53%
1962-1964 Antonio Segni
47%
1999-2006 Carlo Azeglio Ciampi
47%
1985-1992 Francesco Cossiga
47%
1978-1985 Sandro Pertini
47%
1955-1962 Giovanni Gronchi
40%
1992-1999 Oscar Luigi Scalfaro
40%
1964-1971 Giuseppe Saragat
33%
Aucun quiz correspondant
Distribution des résultats
% des personnes avec chaque résultat
Percentile par nombre de réponses
Votre historique - résultats
Vous n’avez pas pris ce quiz